Computer aided design techniques for lower power Sequential logic circuits (Record no. 612399)

000 -LEADER
fixed length control field 00451nam a22001337a 4500
020 ## - INTERNATIONAL STANDARD BOOK NUMBER
International Standard Book Number 9780792398295
040 ## - CATALOGING SOURCE
Transcribing agency Nust
082 ## - DEWEY DECIMAL CLASSIFICATION NUMBER
Classification number 621.395
Author Mark MON'C
100 ## - MAIN ENTRY--PERSONAL NAME
Personal name Jose Monterio
9 (RLIN) 127111
245 ## - TITLE STATEMENT
Title Computer aided design techniques for lower power Sequential logic circuits
260 ## - PUBLICATION, DISTRIBUTION, ETC.
Place of publication, distribution, etc. Boston:
Name of publisher, distributor, etc. Kluwer academic publishers,
Date of publication, distribution, etc. 1997.
650 ## - SUBJECT ADDED ENTRY--TOPICAL TERM
Topical term or geographic name entry element Computer aided design techniques for lower power Sequential logic circuits
9 (RLIN) 127112
942 ## - ADDED ENTRY ELEMENTS (KOHA)
Source of classification or shelving scheme
Koha item type Book
Holdings
Withdrawn status Lost status Source of classification or shelving scheme Damaged status Not for loan Permanent Location Current Location Shelving location Date acquired Total Checkouts Full call number Barcode Date last seen Price effective from Koha item type
          College of Electrical & Mechanical Engineering (CEME) College of Electrical & Mechanical Engineering (CEME) General Stacks 12/12/2024   621.395 MON'C CEME- 30367 12/12/2024 12/12/2024 Book
© 2023 Central Library, National University of Sciences and Technology. All Rights Reserved.